| 000 -LEADER |
| fixed length control field |
01659pam a22002895i 4500 |
| 003 - CONTROL NUMBER IDENTIFIER |
| control field |
KPN |
| 005 - DATE AND TIME OF LATEST TRANSACTION |
| control field |
20260413121028.0 |
| 008 - FIXED-LENGTH DATA ELEMENTS--GENERAL INFORMATION |
| fixed length control field |
20260413b 00| 0 my d |
| 020 ## - INTERNATIONAL STANDARD BOOK NUMBER |
| International Standard Book Number |
9789674499495 |
| Qualifying information |
paperback |
| Terms of availability |
RM12.00 |
| 040 ## - CATALOGING SOURCE |
| Transcribing agency |
KPN |
| 082 04 - DEWEY DECIMAL CLASSIFICATION NUMBER |
| Classification number |
BM FK AMI 2025 |
| Edition number |
23 |
| 090 00 - LOCALLY ASSIGNED LC-TYPE CALL NUMBER (OCLC); LOCAL CALL NUMBER (RLIN) |
| Classification number (OCLC) (R) ; Classification number, CALL (RLIN) (NR) |
BM FK AMI 2025 |
| 100 0# - MAIN ENTRY--PERSONAL NAME |
| Personal name |
Amir Hamzah Aziz, |
| Dates associated with a name |
1988- |
| Relator term |
author. |
| 245 10 - TITLE STATEMENT |
| Title |
Misteri lembaga hutan / |
| Statement of responsibility, etc. |
Amir Hamzah Aziz ; Editor : Asrul Adli ; Editor Pruf : Najihah Rose ; Illustrator Dalaman : Raby, Zaris Sambal |
| 264 #1 - PRODUCTION, PUBLICATION, DISTRIBUTION, MANUFACTURE, AND COPYRIGHT NOTICE |
| Place of production, publication, distribution, manufacture |
Kuala Lumpur : |
| Name of producer, publisher, distributor, manufacturer |
Ana Muslim Sdn Bhd, |
| Date of production, publication, distribution, manufacture, or copyright notice |
2025 |
| 300 ## - PHYSICAL DESCRIPTION |
| Extent |
128 pages : |
| Other physical details |
colour illustrations ; |
| Dimensions |
17 cm |
| 490 1# - SERIES STATEMENT |
| Series statement |
SIRI DETEKTIF CILIK |
| 521 ## - TARGET AUDIENCE NOTE |
| Target audience note |
Di tengah-tengah hutan... bayang-bayang hitam bergerak... mengintai Sen keong di celah-celah pohon. Betulkah apa yang dia lihat itu sebenarnya... Lembaga Hutan?!<br/>Hakim, Sen Keong dan Muthu tidak henti-henti dihantui oleh pelbagai kejadian aneh sepanjang perkhemahan di Bukit Bongkah, mereka mula mengesyaki bahawa cerita tentang penunggu hutan ini mungkin bukan sekadar mitos...<br/>Situasi bertambah cemas... Hakim tiba-tiba hilang! Adakah Hakim dalam bahaya? Mungkinkah ini angkara lembaga hutan itu?<br/>Mahu tidak mahu, Sen Keong dan Muthu mesti memberanikan diri dan mula menyiasat keberadaan Hakim! Dapatkan detektif-detektif cilik ini menyingkap misteri lembaga hutan tersebut sebelum kejadian yang lebih buruk berlaku? |
| 650 10 - SUBJECT ADDED ENTRY--TOPICAL TERM |
| Topical term or geographic name entry element |
Graphic novels |
|
| Topical term or geographic name entry element |
Comic books, strips, etc. |
|
| Topical term or geographic name entry element |
Detective and mystery stories |
| 700 0# - ADDED ENTRY--PERSONAL NAME |
| Personal name |
Asrul Adli, |
| Relator term |
editor. |
|
| Personal name |
Raby, |
| Relator term |
illustrator. |
|
| Personal name |
Zaris Sambal, |
| Relator term |
illustrator. |
| 830 #0 - SERIES ADDED ENTRY--UNIFORM TITLE |
| Uniform title |
Siri detektif cilik |
| 942 ## - ADDED ENTRY ELEMENTS (KOHA) |
| Source of classification or shelving scheme |
|
| Koha item type |
Book |
| Suppress in OPAC |
No |